Fr. Conceicao Rodrigues College of Engineering

Mathematical Puzzles & Diversion (Record no. 23447)

MARC details
000 -LEADER
fixed length control field 00292nam a2200133Ia 4500
100 ## - MAIN ENTRY--PERSONAL NAME
Personal name Gardner Martin
245 ## - TITLE STATEMENT
Title Mathematical Puzzles & Diversion
260 ## - PUBLICATION, DISTRIBUTION, ETC.
Name of publisher, distributor, etc. Penguin Books
Place of publication, distribution, etc. London
Date of publication, distribution, etc. 1991
300 ## - PHYSICAL DESCRIPTION
Extent 154
546 ## - LANGUAGE NOTE
Language note ENGLISH
654 ## - SUBJECT ADDED ENTRY--FACETED TOPICAL TERMS
Focus term Mathematics
942 ## - ADDED ENTRY ELEMENTS (KOHA)
Koha item type BOOK
Holdings
Withdrawn status Lost status Damaged status Not for loan Collection Home library Current library Date acquired Source of acquisition Cost, normal purchase price Total Checkouts Full call number Barcode Date last seen Cost, replacement price Price effective from Koha item type
        CRC Fr. Agnel's C.Rodrigues College of Engineering Fr. Agnel's C.Rodrigues College of Engineering 17/03/2023 global books 250.00   7134 17/03/2023 250.00 17/03/2023 BOOK